000
00448nam a2200133Ia 4500
008
100328s9999 xx 000 0 und d
082
_b
13967
100
_a
गावडे प्र.ल.
245
_a
विनायक दामोदर सावरकर
260
_b
श्री
630
_a
विनायक दामोदर सावरकर
730
_a
विनायक दामोदर सावरकर
942
_c
BOOK
999
_c
508982
_d
508979